Word Ladder: Sniper's Goal? Quiz Stats

 Plays Quiz Updated Sep 6, 2012

Support Sporcle.
Go Orange.
Score 0/10 Timer 00:30
1 Play Today
Hint Answer % Correct
Brain's locationHEAD
95.6%
Bullet metalLEAD
87.8%
Lion's bellowROAR
83.7%
Eagle's flightSOAR
77.8%
AsphaltROAD
70.1%
Fill a magazine?LOAD
69.2%
Fired a gunSHOT
61.2%
Small argumentSPAT
38.5%
Fight to trainSPAR
37.9%
LocateSPOT
33.4%

Today's Daily Dose

Missing Word
Inventors

Word Ladder
Feud Chain

Get the Picture
Domestic Movie Titles

From the Vault

Brief Movie Quotes: 1930s-1940s

by Cika_Zare

Movies 5m
Unlike these films, these quotes won't be so black and white.
Remove Ads.
Support Sporcle.
Get the best of Sporcle when you Go Orange. This ad-free experience offers more features, more stats, and more fun while also helping to support Sporcle. Thank you for becoming a member.

Show Comments

Extras

Top Quizzes Today


Score Distribution

Your Account Isn't Verified!

In order to create a playlist on Sporcle, you need to verify the email address you used during registration. Go to your Sporcle Settings to finish the process.

Report this User

Report this user for behavior that violates our Community Guidelines.

Details: